000 00779pam a2200253 a 4500
001 635046
005 20180213083737.0
008 930607s1994 nyua 001 0 eng
010 _a 93025508
020 _a0065001427
040 _aDLC
_cDLC
_dDLC
041 _aeng
043 _an-us---
080 _a973.91 GLE
082 0 0 _a973.91 GLE
_220
100 1 _a22
101 _aPOL
245 1 0 _aTransformation and reaction :
_cGlen Jeansonne.
504 _aIncludes bibliographical references and index.
740 0 _aTransformation & reaction.
906 _a7
_bcbu
_corignew
_d1
_eocip
_f19
_gy-gencatlg
942 _2ddc
_cBK
999 _c42416
_d42416